| 000 | 00661nam a2200193 i 4500 | ||
|---|---|---|---|
| 001 | 129345 | ||
| 003 | ES-MaACL | ||
| 005 | 20230906193501.0 | ||
| 007 | t| | ||
| 008 | 070612s1952 sp ||||1| spa d | ||
| 080 | _a639.126(02) | ||
| 245 | 0 | 0 |
_aTesoro del pajarero o arte de cazar con toda clase de redes, liga, reclamos _b: seguido del modo de criar enseƱar y curar a las aves menores / _cobra recopilada por una Sociedad de Cazadores. |
| 260 |
_aMadrid : _bClan, _c[1952] |
||
| 300 |
_a112 p., 3 h. : _bil. ; _c23 cm. |
||
| 490 | 1 | _aEl Mirlo Blanco | |
| 830 | 0 |
_aEl Mirlo Blanco _9180702 |
|
| 852 |
_aES-MaACL _jD-7402 _bR.32217 |
||
| 999 |
_c129345 _d129345 |
||